Paroles où et avec qui tu m'aimes- Pascal Obispo - Statistiques

Statistiques générales
  • Ce quiz a été pris 8 fois
    7 depuis la dernière actualisation
  • Le résultat moyen est 207 sur 234
Statistiques - réponses
Réponse % Correct
A
100%
a
100%
Au
100%
avec
100%
ça
100%
d'A
100%
de
100%
dit
100%
du
100%
Et
100%
et
100%
histoire
100%
m'aimes
100%
Mais
100%
me
100%
moi
100%
On
100%
100%
que
100%
qui
100%
Qui
100%
ressemble
100%
Si
100%
si
100%
Te
100%
tu
100%
une
100%
d'autre
80%
demande
80%
dis-moi
80%
Dis-moi
80%
Est-ce
80%
fais
80%
j'accepte
80%
J'accepte
80%
je
80%
la
80%
l'amour
80%
le
80%
mal
80%
pas
80%
se
80%
faire
60%
méprendre
60%
Ne
60%
ne
60%
personne
60%
pourrait
60%
qu'il
60%
sait
60%
temps
60%
Aussi
40%
c'est
40%
envie
40%
faudra
40%
fera
40%
lettre
40%
plus
40%
l'histoire
20%
vas
20%
Aucun quiz correspondant
Distribution des résultats
% des personnes avec chaque résultat
Percentile par nombre de réponses
Votre historique - résultats
Vous n’avez pas pris ce quiz depuis la dernière actualisation